[Event "Tournament: Thanet Open"]
[Site "Ramsgate"]
[Date "1984.09.02"]
[Round "?"]
[White "Dawes, P."]
[Black "Stebbings, A."]
[Result "1-0"]
[WhiteElo "2160"]
[BlackElo "2200"]
[PlyCount "93"]
[EventDate "1984.??.??"]

1. e4 c5 2. Nc3 Nc6 3. Nge2 e6 4. g3 Nge7 5. d4 cxd4 6. Nxd4 a6 7. Bg2 Nxd4 8.
Qxd4 Nc6 9. Qd1 Be7 10. O-O d6 11. f4 O-O 12. Kh1 Bd7 13. Be3 b5 14. a4 b4 15.
Nb1 Qc7 16. Nd2 Na5 17. b3 Rac8 18. Ra2 Nb7 19. Qe2 a5 20. Nc4 Nc5 21. Bd4 Nxa4
22. Rfa1 Nc3 23. Bxc3 bxc3 24. Rxa5 Qb8 25. Ra7 Rc7 26. Rxc7 Qxc7 27. Qe3 Rb8
28. Ra7 Rb7 29. Ra8+ Bf8 30. Qd4 Rb8 31. Rxb8 Qxb8 32. Qxc3 Qa7 33. h3 Qf2 34.
Kh2 h5 35. Qd2 Qc5 36. Qe3 Qb4 37. Qb6 Qe1 38. h4 Qd1 39. Qb7 Be8 40. c3 Qd3
41. e5 dxe5 42. Nxe5 Qxc3 43. Qb8 f6 44. Qxe8 fxe5 45. Qxe6+ Kh8 46. Qf7 Qb4
47. Qxh5+ 1-0

[Event "Tournament: Thanet Open"]
[Site "Ramsgate"]
[Date "1984.09.02"]
[Round "?"]
[White "Stebbings, A."]
[Black "Parry, R."]
[Result "1-0"]
[WhiteElo "2200"]
[BlackElo "1800"]
[PlyCount "43"]
[EventDate "1984.??.??"]

1. e4 e5 2. Nf3 Nc6 3. Bb5 f5 4. Nc3 Nd4 5. exf5 c6 6. Ba4 Qf6 7. Nxd4 exd4 8.
Qh5+ g6 9. fxg6 hxg6 10. Qe2+ Ne7 11. Ne4 Qe5 12. Ng3 Qf6 13. d3 d5 14. Bd2 Bf5
15. O-O-O a5 16. c3 Rh4 17. Bc2 dxc3 18. Bxc3 Bh6+ 19. Kb1 d4 20. Bd2 Be6 21.
Ne4 Qf7 22. Nd6+ 1-0

[Event "Team match"]
[Site "London"]
[Date "1984.09.08"]
[Round "?"]
[White "Wood, B."]
[Black "Stebbings, A."]
[Result "0-1"]
[WhiteElo "2000"]
[BlackElo "2200"]
[PlyCount "100"]
[EventDate "1984.??.??"]

1. f4 Nf6 2. Nf3 g6 3. b3 Bg7 4. Bb2 O-O 5. e3 b6 6. Be2 Bb7 7. O-O c5 8. d3 d5
9. Ne5 Nc6 10. Nxc6 Bxc6 11. Nd2 Ng4 12. Bxg4 Bxb2 13. Rb1 Bg7 14. f5 Qd6 15.
Qf3 c4 16. Qh3 cxd3 17. cxd3 Bb5 18. Be2 Rac8 19. Rbc1 Bd7 20. g4 Rxc1 21. Rxc1
Rc8 22. Rxc8+ Bxc8 23. Nf3 gxf5 24. gxf5 Qf6 25. e4 Qb2 26. Qg2 dxe4 27. dxe4
Qb1+ 28. Kf2 Qxe4 29. f6 exf6 30. Qg3 f5 31. Qc7 Qe6 32. Qxa7 Bf8 33. Qa4 Bc5+
34. Kf1 Qe4 35. Qc4 Bb7 36. Qxe4 fxe4 37. Ng5 Be3 38. Nh3 f5 39. Bc4+ Kg7 40.
Ke2 f4 41. Ng5 h6 42. Ne6+ Kf6 43. Nd8 Bc8 44. Bd5 Ke5 45. Ba8 Kd4 46. Nc6+ Kc3
47. Ne5 Ba6+ 48. Kd1 f3 49. Nxf3 exf3 50. Bxf3 Kb2 0-1

[Event "Kent league"]
[Site "?"]
[Date "1984.09.20"]
[Round "?"]
[White "Stebbings, A."]
[Black "Aaron, A."]
[Result "1-0"]
[WhiteElo "2200"]
[BlackElo "1936"]
[PlyCount "72"]
[EventDate "1984.??.??"]

1. d4 Nf6 2. c4 g6 3. Nc3 Bg7 4. e4 d6 5. f3 O-O 6. Be3 a6 7. Qd2 c6 8. Bd3 e5
9. Nge2 Nbd7 10. O-O Qc7 11. Rac1 exd4 12. Nxd4 Ne5 13. Be2 c5 14. Nc2 Be6 15.
b3 Ne8 16. f4 Nc6 17. f5 Qa5 18. fxe6 Qxc3 19. exf7+ Rxf7 20. Rxf7 Kxf7 21.
Rf1+ Ke7 22. Bg5+ Kd7 23. Rf7+ Kc8 24. Bg4+ Kb8 25. Qxc3 Bxc3 26. Rxh7 Ka7 27.
Bf3 Ne5 28. Ne3 Nf6 29. Re7 Rf8 30. Bh6 Rg8 31. Re6 Bd4 32. Kf1 g5 33. Nf5 Nxf3
34. gxf3 Be5 35. Nxd6 g4 36. Rxe5 gxf3 1-0

[Event "London league"]
[Site "?"]
[Date "1984.09.27"]
[Round "?"]
[White "Green, B."]
[Black "Stebbings, A."]
[Result "1/2-1/2"]
[WhiteElo "2064"]
[BlackElo "2200"]
[PlyCount "120"]
[EventDate "1984.??.??"]

1. e4 c5 2. Nf3 e6 3. d4 cxd4 4. Nxd4 Nc6 5. Nb5 d6 6. c4 Nf6 7. N1c3 a6 8. Nd4
Bd7 9. Be2 Be7 10. O-O O-O 11. Kh1 Qb8 12. f4 Rd8 13. Be3 b5 14. cxb5 Nxd4 15.
Bxd4 axb5 16. e5 Ne8 17. Bd3 Bc6 18. Qg4 Qb7 19. Rf2 b4 20. Ne2 Be4 21. Bxe4
Qxe4 22. Qf3 Qxf3 23. Rxf3 Ra4 24. a3 Rda8 25. h3 dxe5 26. fxe5 bxa3 27. bxa3
Rxa3 28. Rfxa3 Rxa3 29. Rxa3 Bxa3 30. Kg1 Kf8 31. Kf2 Ke7 32. Ke3 Kd7 33. Ke4
Kc6 34. Nf4 Be7 35. Bb2 Kb5 36. Kd3 Bg5 37. g3 Bxf4 38. gxf4 Kc5 39. Ke4 Kc4
40. Bd4 Nc7 41. Be3 Na6 42. Bd2 Nc5+ 43. Ke3 Kd5 44. Bb4 Nd7 45. Ba5 h6 46. Bd8
g6 47. Be7 g5 48. fxg5 hxg5 49. Bxg5 Kxe5 50. Kf3 Kf5 51. Be7 Nf6 52. Kg3 e5
53. Bd8 Nd5 54. h4 Ke4 55. Kg4 f5+ 56. Kg5 f4 57. h5 f3 58. h6 f2 59. h7 f1=Q
60. h8=Q Qc1+ 1/2-1/2

[Event "Kent league"]
[Site "?"]
[Date "1984.10.04"]
[Round "?"]
[White "Calver, N."]
[Black "Stebbings, A."]
[Result "0-1"]
[WhiteElo "1888"]
[BlackElo "2200"]
[PlyCount "70"]
[EventDate "1984.??.??"]

1. e4 c5 2. Nf3 e6 3. d4 cxd4 4. Nxd4 Nc6 5. Nc3 a6 6. Be2 Qc7 7. O-O Nf6 8.
Kh1 Bb4 9. f3 O-O 10. Be3 Rd8 11. Bg5 Be7 12. Nxc6 bxc6 13. Qe1 d5 14. exd5
cxd5 15. Bd3 Bb7 16. Ne2 Rd7 17. Ng3 Re8 18. a3 Qb6 19. b4 Rc8 20. Rc1 Rdc7 21.
Bd2 d4 22. c4 dxc3 23. Rxc3 Rxc3 24. Bxc3 Nd5 25. Bd2 Bf6 26. Ne4 Bb2 27. a4
Qd4 28. Bb1 Bc6 29. Nc5 Bc3 30. Bxc3 Nxc3 31. Bc2 a5 32. b5 Qxc5 33. bxc6 Qxc6
34. Qa1 g6 35. Bb3 Qb6 0-1

[Event "County match"]
[Site "?"]
[Date "1984.10.06"]
[Round "?"]
[White "Kenworthy, G."]
[Black "Stebbings, A."]
[Result "1/2-1/2"]
[WhiteElo "2224"]
[BlackElo "2200"]
[PlyCount "80"]
[EventDate "1984.??.??"]

1. e4 c5 2. Nf3 e6 3. Nc3 a6 4. d4 cxd4 5. Nxd4 Nc6 6. g3 Nge7 7. Nb3 d6 8. a4
b6 9. Bg2 Qc7 10. O-O Ng6 11. f4 Be7 12. Be3 O-O 13. h4 Bf6 14. h5 Nge7 15. Qd2
Rb8 16. g4 Na5 17. Nxa5 bxa5 18. Nd1 g6 19. c3 Bb7 20. Nf2 Bg7 21. f5 d5 22.
Bh6 Rfd8 23. Bxg7 Kxg7 24. f6+ Kxf6 25. Qh6 e5 26. Nh3+ Ke6 27. Ng5+ Kd7 28.
Rxf7 dxe4 29. Rxe7+ Kxe7 30. Qg7+ Kd6 31. Qf6+ Kd5 32. Nxe4 Kc4 33. Qe6+ Kd3
34. Nf2+ Ke3 35. Re1+ Kd2 36. Rxe5 Re8 37. Re2+ Kc1 38. Nd3+ Kd1 39. Qb3+ Kxe2
40. Qc2+ Ke3 1/2-1/2

[Event "London league"]
[Site "?"]
[Date "1984.10.10"]
[Round "?"]
[White "Stebbings, A."]
[Black "Whyte, B."]
[Result "1-0"]
[WhiteElo "2200"]
[BlackElo "2008"]
[PlyCount "31"]
[EventDate "1984.??.??"]

1. e4 e5 2. Nf3 Nc6 3. Bb5 Bc5 4. O-O Nf6 5. Nxe5 Nxe5 6. d4 a6 7. Ba4 Ba7 8.
dxe5 Nxe4 9. Qg4 Nxf2 10. Rxf2 Bxf2+ 11. Kxf2 Kf8 12. Bg5 Qe8 13. Qd4 h6 14.
Bh4 b6 15. Nc3 Bb7 16. Bxd7 1-0

[Event "Essex league"]
[Site "?"]
[Date "1984.10.18"]
[Round "?"]
[White "Coleman, D."]
[Black "Stebbings, A."]
[Result "1-0"]
[WhiteElo "2136"]
[BlackElo "2200"]
[PlyCount "73"]
[EventDate "1984.??.??"]

1. e4 e6 2. d4 d5 3. Nc3 Bb4 4. e5 c5 5. a3 Bxc3+ 6. bxc3 Ne7 7. Qg4 Qc7 8. Bd3
cxd4 9. Ne2 dxc3 10. Qxg7 Rg8 11. Qh6 Nbc6 12. Bf4 Bd7 13. Bxh7 Rf8 14. O-O
O-O-O 15. Rfd1 Qb6 16. Bg5 Qc5 17. Bf6 d4 18. Qh4 Rfe8 19. Nxd4 Nxd4 20. Qxd4
Qxd4 21. Rxd4 Bc6 22. Rxd8+ Kxd8 23. h4 Kc7 24. h5 Nd5 25. Bg7 Nf4 26. h6 Rd8
27. Bf6 Rd7 28. Bd3 Nxd3 29. cxd3 Rxd3 30. h7 c2 31. h8=Q Rd1+ 32. Kh2 Kb6 33.
Qh4 a5 34. Qg4 c1=Q 35. Qxd1 Qh6+ 36. Kg1 Qg6 37. Qb1+ 1-0

[Event "Kent league"]
[Site "?"]
[Date "1984.10.24"]
[Round "?"]
[White "Wood, J."]
[Black "Stebbings, A."]
[Result "0-1"]
[WhiteElo "2008"]
[BlackElo "2200"]
[PlyCount "70"]
[EventDate "1984.??.??"]

1. d4 Nf6 2. Nf3 g6 3. b3 Bg7 4. Bb2 O-O 5. e3 d5 6. Be2 Nbd7 7. O-O b6 8. c4
e6 9. cxd5 exd5 10. Nc3 Bb7 11. Rc1 a6 12. Ne1 Qe7 13. Bf3 Rfd8 14. Nd3 Ne4 15.
g3 Rac8 16. Qe2 Ndf6 17. Rc2 Qe6 18. Rfc1 h5 19. Na4 Ne8 20. Nb4 Ra8 21. Nc6
Rd6 22. Nb4 Qf5 23. Bg2 Rf6 24. Nd3 Bf8 25. Nf4 Bd6 26. Bh3 Qg5 27. f3 Nxg3 28.
hxg3 Qxg3+ 29. Qg2 Bxf4 30. exf4 Qxf4 31. Rf1 Bc8 32. Bxc8 Rxc8 33. Qf2 Qg5+
34. Kh1 Rf4 35. Qe1 Qf5 0-1

[Event "Essex league"]
[Site "?"]
[Date "1984.10.25"]
[Round "?"]
[White "Stebbings, A."]
[Black "Warren, K."]
[Result "1-0"]
[WhiteElo "2200"]
[BlackElo "1936"]
[PlyCount "69"]
[EventDate "1984.??.??"]

1. d4 d5 2. c4 e6 3. Nc3 Be7 4. Nf3 Nf6 5. Bg5 Ne4 6. Bxe7 Qxe7 7. cxd5 Nxc3 8.
bxc3 exd5 9. Qb3 c6 10. e3 Nd7 11. Bd3 O-O 12. O-O Nf6 13. Rab1 Ne4 14. c4 g5
15. cxd5 cxd5 16. Rfc1 Rd8 17. Rc2 g4 18. Ne5 Rd6 19. Rbc1 Be6 20. Rc7 Qh4 21.
g3 Qh5 22. Qxb7 Rf8 23. Bxe4 dxe4 24. Qxe4 f5 25. Qf4 Bd5 26. Nxg4 Qxg4 27.
Qxd6 Qf3 28. Kf1 f4 29. Qe5 Qg2+ 30. Ke1 Qg1+ 31. Ke2 Bc4+ 32. R1xc4 f3+ 33.
Kd3 Qf1+ 34. Ke4 Qb1+ 35. Rc2 1-0

[Event "County match"]
[Site "?"]
[Date "1984.10.27"]
[Round "?"]
[White "Stebbings, A."]
[Black "Sharp, P."]
[Result "1-0"]
[WhiteElo "2200"]
[BlackElo "2192"]
[PlyCount "80"]
[EventDate "1984.??.??"]

1. e4 Nf6 2. e5 Nd5 3. d4 d6 4. Nf3 g6 5. Bc4 Nb6 6. Bb3 Bg7 7. Ng5 d5 8. f4
Nc6 9. c3 f6 10. Nf3 O-O 11. O-O Bg4 12. Nbd2 Na5 13. Bc2 fxe5 14. fxe5 Nbc4
15. Nb1 Qd7 16. b3 Bxf3 17. Rxf3 Rxf3 18. Qxf3 Rf8 19. Qe2 Nb6 20. h4 c5 21. h5
Qe6 22. hxg6 hxg6 23. Be3 Nc6 24. Nd2 cxd4 25. cxd4 Nb4 26. Bd1 Rc8 27. Nf3 Qg4
28. a3 Nc6 29. Bc2 e6 30. Qd2 Ne7 31. Rf1 Nf5 32. Nh2 Qh4 33. Bb1 Nd7 34. Nf3
Qe7 35. Rc1 Rxc1+ 36. Qxc1 Nf8 37. Bg5 Qd7 38. Bd3 Nh7 39. Bd2 Bf8 40. Kf2 Be7
1-0

[Event "London league"]
[Site "?"]
[Date "1984.10.29"]
[Round "?"]
[White "Spivack, S."]
[Black "Stebbings, A."]
[Result "1/2-1/2"]
[WhiteElo "2192"]
[BlackElo "2200"]
[PlyCount "63"]
[EventDate "1984.??.??"]

1. Nf3 d5 2. g3 c6 3. Bg2 Bg4 4. O-O e6 5. c4 Bd6 6. cxd5 exd5 7. Nc3 Nf6 8.
Qb3 Qc7 9. d4 Nbd7 10. Bd2 O-O 11. Rfc1 Qb6 12. Na4 Qxb3 13. axb3 Rfe8 14. Kf1
Ne4 15. Be1 h6 16. b4 Bf5 17. Nc5 Ndxc5 18. bxc5 Be7 19. Ra4 Bf6 20. Rca1 a6
21. Ba5 Re7 22. Ne1 Rae8 23. h4 h5 24. Nd3 g6 25. Nc1 Bg7 26. Ke1 Bh6 27. Bxe4
Rxe4 28. Bd2 Bg7 29. Be3 R8e7 30. Kd2 Bf6 31. R1a3 Bc8 32. Nd3 1/2-1/2

[Event "Essex league"]
[Site "?"]
[Date "1984.11.13"]
[Round "?"]
[White "Virk, B."]
[Black "Stebbings, A."]
[Result "0-1"]
[WhiteElo "2048"]
[BlackElo "2200"]
[PlyCount "58"]
[EventDate "1984.??.??"]

1. Nf3 d5 2. b3 Bg4 3. Bb2 Nd7 4. h3 Bh5 5. e3 e6 6. Be2 Ngf6 7. O-O Bd6 8. c4
O-O 9. Nc3 c6 10. d4 Qe7 11. Rc1 Rfe8 12. Qd2 Rad8 13. Rfd1 h6 14. Ne1 Bxe2 15.
Qxe2 dxc4 16. Qxc4 e5 17. Qe2 e4 18. Rd2 Nb6 19. Nc2 h5 20. a3 h4 21. b4 a6 22.
Rb1 Bb8 23. f4 exf3 24. gxf3 Nbd5 25. Nxd5 Nxd5 26. e4 Rd6 27. Ne3 Qg5+ 28. Kf2
Nf4 29. Qf1 Qg3# 0-1

[Event "County match"]
[Site "?"]
[Date "1984.11.17"]
[Round "?"]
[White "Stebbings, A."]
[Black "Watson, I."]
[Result "0-1"]
[WhiteElo "2200"]
[BlackElo "2256"]
[PlyCount "82"]
[EventDate "1984.??.??"]

1. e4 Nc6 2. d4 e5 3. dxe5 Nxe5 4. Nc3 Bc5 5. f4 Ng6 6. Nf3 Qe7 7. Bc4 Nf6 8.
Qe2 c6 9. Ng5 d5 10. exd5 Qxe2+ 11. Kxe2 Bg4+ 12. Kf1 cxd5 13. Bb5+ Ke7 14. Bd2
Rhd8 15. Re1+ Kf8 16. Be2 Bd7 17. Bd3 h6 18. Nf3 Ng4 19. Nd1 Re8 20. Rxe8+ Rxe8
21. g3 Bc6 22. Kg2 d4 23. h3 Ne3+ 24. Kf2 h5 25. Re1 h4 26. Nxh4 Nxh4 27. gxh4
Be7 28. Kg3 Bxh4+ 29. Kxh4 Ng2+ 30. Kg5 Nxe1 31. Bb4+ Kg8 32. Bxe1 Rxe1 33. Nf2
Rg1+ 34. Kh4 Bf3 35. Ng4 Bxg4 36. hxg4 g6 37. f5 Kg7 38. fxg6 fxg6 39. Kg5 Re1
40. Bxg6 Re5+ 41. Bf5 Ra5 0-1

[Event "London league"]
[Site "?"]
[Date "1984.11.19"]
[Round "?"]
[White "Stebbings, A."]
[Black "Marshall, A."]
[Result "1-0"]
[WhiteElo "2200"]
[BlackElo "2136"]
[PlyCount "61"]
[EventDate "1984.??.??"]

1. d4 Nf6 2. c4 c5 3. Nf3 cxd4 4. Nxd4 e6 5. Nc3 d5 6. cxd5 Nxd5 7. Bd2 Bc5 8.
Nb3 Bb6 9. Nxd5 Qxd5 10. Bc3 Qxd1+ 11. Rxd1 O-O 12. e3 Bd7 13. Nd4 a6 14. Be2
Rd8 15. Bf3 Nc6 16. Nxc6 Bxc6 17. Bxc6 bxc6 18. Rc1 Rd5 19. Ke2 Ba5 20. e4 Rb5
21. a4 Bxc3 22. axb5 Bxb2 23. Rc2 Be5 24. bxc6 Kf8 25. Rb1 Rc8 26. Rb7 Bc7 27.
Rd2 Bf4 28. Rdd7 Be5 29. Rxf7+ Ke8 30. Rfe7+ Kf8 31. Rxe6 1-0

[Event "National Club ch."]
[Site "?"]
[Date "1984.11.24"]
[Round "?"]
[White "Gayson, P."]
[Black "Stebbings, A."]
[Result "1-0"]
[WhiteElo "2080"]
[BlackElo "2200"]
[PlyCount "80"]
[EventDate "1984.??.??"]

1. e4 c5 2. Nf3 e6 3. d4 cxd4 4. Nxd4 Nc6 5. Nc3 a6 6. g3 Nge7 7. Bg2 Nxd4 8.
Qxd4 Nc6 9. Qd1 Be7 10. O-O d6 11. Kh1 Qc7 12. f4 O-O 13. g4 b5 14. g5 b4 15.
Ne2 g6 16. f5 exf5 17. exf5 Bxf5 18. Rxf5 gxf5 19. Nf4 Rac8 20. Nd5 Qd8 21. Qd3
Bxg5 22. Qxf5 f6 23. Be4 Rf7 24. Be3 Bxe3 25. Nxe3 Kh8 26. Rg1 Ne5 27. Rg3 Qd7
28. Qf4 Re8 29. Bxh7 Rxh7 30. Qxf6+ Rg7 31. Nf5 Ree7 32. Qf8+ Kh7 33. Rh3+ Kg6
34. Rh6+ Kg5 35. Qf6+ Kf4 36. Nxe7+ Ke3 37. Qxg7 Qb7+ 38. Qg2 Qxe7 39. Rh3+ Kd4
40. Qd2+ Kc5 1-0

[Event "London league"]
[Site "?"]
[Date "1984.12.12"]
[Round "?"]
[White "Stebbings, A."]
[Black "Holland, C."]
[Result "0-1"]
[WhiteElo "2200"]
[BlackElo "2128"]
[PlyCount "54"]
[EventDate "1984.??.??"]

1. e4 e6 2. d4 d5 3. Nd2 Nf6 4. e5 Nfd7 5. f4 c5 6. c3 Nc6 7. Ndf3 Qb6 8. g3
cxd4 9. cxd4 Bb4+ 10. Kf2 g5 11. Be3 f6 12. Bh3 h5 13. fxg5 fxe5 14. Bxe6 exd4
15. Nxd4 Bc5 16. Nge2 Nde5 17. Bxc8 Rxc8 18. Kg2 Ng4 19. Bg1 O-O 20. h3 Nxd4
21. hxg4 Qxb2 22. Bxd4 Bxd4 23. Rb1 Rf2+ 24. Kh3 hxg4+ 25. Kh4 Qxe2 26. Rxb7
Rh2+ 27. Rxh2 Qxd1 0-1

[Event "Essex league"]
[Site "?"]
[Date "1984.12.13"]
[Round "?"]
[White "Moore, J."]
[Black "Stebbings, A."]
[Result "0-1"]
[WhiteElo "2048"]
[BlackElo "2200"]
[PlyCount "74"]
[EventDate "1984.??.??"]

1. e4 c5 2. Nf3 e6 3. d4 cxd4 4. Nxd4 Nc6 5. Nb5 d6 6. c4 Nf6 7. N1c3 a6 8. Na3
Be7 9. Be2 O-O 10. O-O b6 11. Nc2 Bb7 12. b3 Qc7 13. Bb2 Rad8 14. Ne3 Rfe8 15.
Rc1 Ne5 16. Qc2 Qb8 17. Kh1 Bc6 18. a4 Kh8 19. f3 Rg8 20. f4 Ng6 21. Bd3 Bb7
22. Ne2 Qa8 23. Ng3 Rge8 24. Rce1 Nd7 25. Qb1 Nf6 26. Bc2 Bc6 27. Bd3 Kg8 28.
Qc2 Qb7 29. e5 dxe5 30. fxe5 Nd7 31. Ng4 Nc5 32. Bxg6 hxg6 33. Rxf7 Bxg2+ 34.
Kg1 Kxf7 35. Qf2+ Kg8 36. Nf6+ gxf6 37. exf6 Bf8 0-1

[Event "Essex league"]
[Site "?"]
[Date "1985.01.03"]
[Round "?"]
[White "Stebbings, A."]
[Black "Reid, G."]
[Result "1-0"]
[WhiteElo "2200"]
[BlackElo "2016"]
[PlyCount "51"]
[EventDate "1985.??.??"]

1. d4 Nf6 2. c4 e6 3. Nc3 c5 4. Nf3 cxd4 5. Nxd4 Nc6 6. g3 Bc5 7. Nb3 Bb4 8.
Bg2 d5 9. O-O dxc4 10. Nd2 Bxc3 11. bxc3 Na5 12. Ba3 Bd7 13. Qb1 Rc8 14. Ne4
Nxe4 15. Qxe4 f6 16. Rfd1 Qc7 17. Qg4 g6 18. Qd4 e5 19. Qh4 Kf7 20. Bd6 Qd8 21.
Qh6 Bf5 22. Bb4 Qb6 23. Rd6 Nc6 24. Bd5+ Ke8 25. Qg7 Rf8 26. Rxc6 1-0

[Event "London league"]
[Site "?"]
[Date "1985.01.09"]
[Round "?"]
[White "Pein, M."]
[Black "Stebbings, A."]
[Result "1/2-1/2"]
[WhiteElo "2312"]
[BlackElo "2200"]
[PlyCount "99"]
[EventDate "1985.??.??"]

1. d4 Nf6 2. c4 e6 3. Nc3 Bb4 4. e3 b6 5. Nge2 Ba6 6. Ng3 O-O 7. e4 Nc6 8. Bg5
h6 9. h4 hxg5 10. hxg5 g6 11. gxf6 Qxf6 12. e5 Qg7 13. Nge4 Be7 14. Qd2 d6 15.
exd6 cxd6 16. O-O-O e5 17. c5 Bxf1 18. cxd6 Bxg2 19. dxe7 Nxe7 20. Rh2 exd4 21.
Qg5 Bxe4 22. Nxe4 f5 23. Nd6 Rad8 24. Nb5 Rd5 25. Rdh1 Rxb5 26. Rh7 Qxh7 27.
Rxh7 Rc5+ 28. Kd2 Kxh7 29. Qxe7+ Kg8 30. Qxa7 Rf6 31. Kd3 g5 32. b4 Rcc6 33.
Kxd4 Rce6 34. a4 g4 35. a5 bxa5 36. Qxa5 Kf7 37. Qc7+ Kg8 38. b5 Rg6 39. Kd5
Ref6 40. Ke5 f4 41. b6 Rxb6 42. Kxf4 Rbf6+ 43. Kg3 Rf3+ 44. Kg2 Rf7 45. Qe5
Rgf6 46. Qg5+ Kf8 47. Qc5+ Kg7 48. Kg3 Rg6 49. Qe5+ Rff6 50. Qe7+ 1/2-1/2

[Event "County match"]
[Site "?"]
[Date "1985.01.12"]
[Round "?"]
[White "Hyde, K."]
[Black "Stebbings, A."]
[Result "0-1"]
[WhiteElo "2056"]
[BlackElo "2200"]
[PlyCount "70"]
[EventDate "1985.??.??"]

1. d4 Nf6 2. c4 e6 3. Nc3 Bb4 4. g3 c5 5. Nf3 Bxc3+ 6. bxc3 Qa5 7. Qd3 b6 8.
Bg2 Ba6 9. O-O d5 10. Ne5 Nbd7 11. Qe3 O-O 12. cxd5 Nxe5 13. Qxe5 Nxd5 14. Bd2
cxd4 15. Qxd4 Rfd8 16. Qh4 Rac8 17. c4 Qxd2 18. cxd5 Bxe2 19. dxe6 Bxf1 20.
exf7+ Kxf7 21. Rxf1 Kg8 22. Be4 h6 23. Qg4 Qg5 24. Qe6+ Kh8 25. Bb1 Rc1 26. Qe4
Rxf1+ 27. Kxf1 Qb5+ 28. Kg2 Qd5 29. Qxd5 Rxd5 30. Kf3 Rd2 31. a4 Kg8 32. Be4
Kf7 33. Ke3 Rd6 34. h4 Ke6 35. Kf4 Rd4 0-1

[Event "National Club ch."]
[Site "?"]
[Date "1985.01.17"]
[Round "?"]
[White "Law, A."]
[Black "Stebbings, A."]
[Result "1-0"]
[WhiteElo "2280"]
[BlackElo "2200"]
[PlyCount "81"]
[EventDate "1985.??.??"]

1. d4 Nf6 2. c4 e6 3. Nc3 Bb4 4. e3 b6 5. Nge2 Ba6 6. Ng3 O-O 7. e4 Nc6 8. Bd3
e5 9. d5 Bxc3+ 10. bxc3 Ne7 11. O-O d6 12. f4 exf4 13. Bxf4 Nd7 14. Qh5 Ng6 15.
Nf5 Nde5 16. Bxe5 Nxe5 17. Rf4 Nxd3 18. Rh4 Qxh4 19. Qxh4 Ne5 20. Rf1 Ng6 21.
Qg4 Bxc4 22. Rf2 f6 23. h4 Rf7 24. Nh6+ gxh6 25. h5 Kg7 26. hxg6 hxg6 27. e5
Bxd5 28. exf6+ Kh7 29. Qd4 Be6 30. g4 Raf8 31. Kh2 a5 32. Kg3 b5 33. a3 a4 34.
Kh4 Bc4 35. g5 Re8 36. gxh6 Kxh6 37. Qf4+ Kh7 38. Kg3 Re5 39. Rh2+ Rh5 40.
Rxh5+ gxh5 41. Qf5+ 1-0

[Event "Kent league"]
[Site "?"]
[Date "1985.01.18"]
[Round "?"]
[White "Stebbings, A."]
[Black "Brown, J."]
[Result "1-0"]
[WhiteElo "2200"]
[BlackElo "2000"]
[PlyCount "69"]
[EventDate "1985.??.??"]

1. d4 Nf6 2. c4 e6 3. Nc3 Bb4 4. e3 c5 5. Nge2 O-O 6. a3 Bxc3+ 7. Nxc3 b6 8. d5
d6 9. Bd3 Nbd7 10. O-O Bb7 11. e4 Qe7 12. f4 e5 13. f5 Ne8 14. Be3 f6 15. Rf3
Rf7 16. h4 Nf8 17. Qd2 Nc7 18. a4 a6 19. g4 g6 20. Bh6 Ne8 21. Kh1 Ng7 22. Rg1
Nd7 23. Rfg3 Kh8 24. Be2 Rg8 25. Bd1 Ne8 26. Qg2 g5 27. hxg5 fxg5 28. Qd2 Qf6
29. Rh3 Nc7 30. Rh5 Ne8 31. Bxg5 Rxg5 32. Qxg5 Qxg5 33. Rxg5 Ndf6 34. Kg2 h6
35. Rg6 1-0

[Event "Kent league"]
[Site "?"]
[Date "1985.01.23"]
[Round "?"]
[White "Rutland, P."]
[Black "Stebbings, A."]
[Result "1/2-1/2"]
[WhiteElo "1928"]
[BlackElo "2200"]
[PlyCount "71"]
[EventDate "1985.??.??"]

1. d4 Nf6 2. c4 e6 3. Nf3 Bb4+ 4. Bd2 Qe7 5. Nc3 O-O 6. a3 Bxc3 7. Bxc3 Ne4 8.
Rc1 b6 9. e3 Bb7 10. Be2 d6 11. O-O Nd7 12. Be1 c5 13. Nd2 f5 14. Nxe4 fxe4 15.
f4 exf3 16. Bxf3 Bxf3 17. Rxf3 Nf6 18. Bh4 h6 19. Qd3 g5 20. Bg3 Rad8 21. Rcf1
Qh7 22. Qxh7+ Nxh7 23. Rxf8+ Nxf8 24. Rd1 Rd7 25. dxc5 dxc5 26. Rxd7 Nxd7 27.
Kf2 Kf7 28. Kf3 Ke7 29. h4 Kf6 30. hxg5+ hxg5 31. Kg4 Kg6 32. e4 Nf6+ 33. Kf3
Nd7 34. Bc7 Kf6 35. Bd8+ Kg6 36. b3 1/2-1/2

[Event "County match"]
[Site "?"]
[Date "1985.01.26"]
[Round "?"]
[White "Tisdall, J."]
[Black "Stebbings, A."]
[Result "1/2-1/2"]
[WhiteElo "2448"]
[BlackElo "2200"]
[PlyCount "63"]
[EventDate "1985.??.??"]

1. d4 Nf6 2. c4 e6 3. Nf3 Bb4+ 4. Bd2 Qe7 5. g3 Nc6 6. Bg2 Bxd2+ 7. Nbxd2 d6 8.
Rc1 O-O 9. O-O e5 10. d5 Nb8 11. e4 a5 12. Ne1 Na6 13. a3 Bg4 14. f3 Bd7 15.
Nd3 a4 16. f4 exf4 17. gxf4 c6 18. e5 dxe5 19. fxe5 Ng4 20. Qe2 Qg5 21. Ne4
Qe3+ 22. Qxe3 Nxe3 23. Rf3 cxd5 24. Nec5 Nxc5 25. Nxc5 Nxg2 26. Nxd7 Rfd8 27.
Nb6 Ra6 28. Nxd5 Nh4 29. Rf4 Ng6 30. Re4 Re6 31. Rce1 Rc8 32. Nc3 1/2-1/2

[Event "London league"]
[Site "?"]
[Date "1985.01.30"]
[Round "?"]
[White "Stebbings, A."]
[Black "Carr, N."]
[Result "1/2-1/2"]
[WhiteElo "2200"]
[BlackElo "2328"]
[PlyCount "48"]
[EventDate "1985.??.??"]

1. e4 d6 2. d4 Nf6 3. Nc3 g6 4. f4 Bg7 5. Nf3 c5 6. Bb5+ Bd7 7. e5 Ng4 8. e6
Bxb5 9. exf7+ Kd7 10. Nxb5 Qa5+ 11. Nc3 cxd4 12. Nxd4 Bxd4 13. Qxd4 Nc6 14. Qc4
Qb6 15. Qe2 h5 16. Bd2 Nd4 17. Qe4 Nf5 18. Qa4+ Qc6 19. Qxc6+ bxc6 20. O-O Rhf8
21. Ne4 Rxf7 22. Rae1 Nd4 23. Ng5 Rf5 24. c3 Nb5 1/2-1/2

[Event "Essex league"]
[Site "?"]
[Date "1985.02.07"]
[Round "?"]
[White "Myall, I."]
[Black "Stebbings, A."]
[Result "1-0"]
[WhiteElo "2072"]
[BlackElo "2200"]
[PlyCount "57"]
[EventDate "1985.??.??"]

1. e4 c5 2. c3 Nf6 3. e5 Nd5 4. d4 cxd4 5. Nf3 d6 6. cxd4 Nc6 7. Bc4 Nb6 8. Bb5
dxe5 9. Nxe5 Bd7 10. Nc3 Nxe5 11. dxe5 Bxb5 12. Nxb5 Qxd1+ 13. Kxd1 Rd8+ 14.
Ke2 a6 15. Nc7+ Kd7 16. Be3 Nc4 17. Rac1 b5 18. b3 Kxc7 19. bxc4 b4 20. e6 fxe6
21. Rb1 a5 22. a3 e5 23. axb4 axb4 24. Rxb4 e6 25. Rb5 Rb8 26. Ra1 Rxb5 27.
cxb5 g6 28. Ra8 Kd6 29. Bh6 1-0

[Event "Kent league"]
[Site "?"]
[Date "1985.02.12"]
[Round "?"]
[White "Stebbings, A."]
[Black "Taylor, D."]
[Result "1/2-1/2"]
[WhiteElo "2200"]
[BlackElo "2152"]
[PlyCount "70"]
[EventDate "1985.??.??"]

1. e4 c5 2. Nf3 Nc6 3. d4 cxd4 4. Nxd4 Nf6 5. Nc3 d6 6. f4 e5 7. Nf3 Be7 8. Bc4
O-O 9. f5 Qa5 10. Bd2 Qc5 11. Bb3 Nd4 12. Bg5 Nxb3 13. Bxf6 Qe3+ 14. Kf1 Bxf6
15. axb3 Bd7 16. Qe2 Qc5 17. Qf2 Qb4 18. Qe3 Rfc8 19. Kf2 Bd8 20. Kg3 Bb6 21.
Qd3 Qc5 22. Rhd1 Rd8 23. Rd2 Bc6 24. Na4 Bxa4 25. Rxa4 Rac8 26. Rc4 Qe3 27.
Qxe3 Bxe3 28. Rd3 Rxc4 29. bxc4 Bf4+ 30. Kf2 Kf8 31. g3 Bc1 32. b3 Ke7 33. Rd5
Rc8 34. Ke2 a6 35. Kd3 Ba3 1/2-1/2

[Event "Eastman cup"]
[Site "London"]
[Date "1985.02.14"]
[Round "?"]
[White "Paish, A."]
[Black "Stebbings, A."]
[Result "1-0"]
[WhiteElo "2088"]
[BlackElo "2200"]
[PlyCount "71"]
[EventDate "1985.??.??"]

1. e4 c5 2. Nf3 e6 3. d4 cxd4 4. Nxd4 Nc6 5. Nc3 a6 6. a4 Qc7 7. Be2 Nf6 8. O-O
Bb4 9. Nxc6 bxc6 10. Qd4 c5 11. Qe3 d6 12. f4 Bb7 13. Bf3 Bxc3 14. bxc3 O-O 15.
c4 Nd7 16. a5 Rae8 17. Bb2 e5 18. f5 f6 19. Bc3 Nb8 20. Rab1 Nc6 21. Rb6 Rb8
22. Rfb1 Nd4 23. Bxd4 cxd4 24. Qb3 Rf7 25. c5 Qxc5 26. Kf1 Kf8 27. Qa2 Rc7 28.
Be2 Qc3 29. Bd3 Qd2 30. Qe6 Rbc8 31. Qxd6+ Kg8 32. Rxb7 Rxc2 33. Qe6+ Kh8 34.
Bxc2 Qxc2 35. Qxc8+ Qxc8 36. Rb8 1-0